Entry Personal Name
Number of records used in: 1
001 - CONTROL NUMBER
003 - CONTROL NUMBER IDENTIFIER
005 - DATE AND TIME OF LATEST TRANSACTION
- control field:
20200120142231.0
008 - FIXED-LENGTH DATA ELEMENTS
- fixed length control field:
880425n| azannaabn |n aad
010 ## - LIBRARY OF CONGRESS CONTROL NUMBER
- LC control number:
n 88630457
035 ## - SYSTEM CONTROL NUMBER
- System control number:
(OCoLC)oca02259110
040 ## - CATALOGING SOURCE
- Original cataloging agency:
DLC
- Language of cataloging:
eng
- Description conventions:
rda
- Transcribing agency:
DLC
- Modifying agency:
DLC-ON
- Modifying agency:
DLC
046 ## - SPECIAL CODED DATES
- Birth date:
1955
- Source of date scheme:
edtf
100 1# - HEADING--PERSONAL NAME
- Personal name:
Raghuram, G.,
- Dates associated with a name:
1955-
370 ## - ASSOCIATED PLACE
- Other associated place:
Ahmadābād, India
373 ## - ASSOCIATED GROUP
- Associated group:
Indian Institute of Management, Ahmedabad
- Source of term:
naf
375 ## - GENDER
377 ## - ASSOCIATED LANGUAGE
670 ## - SOURCE DATA FOUND
- Source citation:
nuc88-48745: Author's Rail freight operations and the classification ... 1984
- Information found:
(hdg. on IEN rept.: Raghuram, G., 1955- )
670 ## - SOURCE DATA FOUND
- Source citation:
Experiences of various forms of commercial partnerships in Indian Railways, 2001:
- Information found:
t.p. (G. Raghuram) p. 1 (Indian Inst. of Mgt., Ahmedabad)